Fr. Conceicao Rodrigues College of Engineering

Corroson and its Prevention (Record no. 18647)

MARC details
000 -LEADER
fixed length control field 00317nam a2200157Ia 4500
082 ## - DEWEY DECIMAL CLASSIFICATION NUMBER
Classification number 623.3815
Item number NAR
100 ## - MAIN ENTRY--PERSONAL NAME
Personal name Narayan Raj
245 ## - TITLE STATEMENT
Title Corroson and its Prevention
260 ## - PUBLICATION, DISTRIBUTION, ETC.
Name of publisher, distributor, etc. Oxford
300 ## - PHYSICAL DESCRIPTION
Extent 247
546 ## - LANGUAGE NOTE
Language note ENGLISH
650 ## - SUBJECT ADDED ENTRY--TOPICAL TERM
Topical term or geographic name entry element Automobiles
654 ## - SUBJECT ADDED ENTRY--FACETED TOPICAL TERMS
Focus term corrosion
942 ## - ADDED ENTRY ELEMENTS (KOHA)
Koha item type BOOK
Holdings
Withdrawn status Lost status Damaged status Not for loan Collection Home library Current library Date acquired Total Checkouts Full call number Barcode Date last seen Price effective from Koha item type
        CRC Fr. Agnel's C.Rodrigues College of Engineering Fr. Agnel's C.Rodrigues College of Engineering 17/03/2023   623.3815 NAR 13240 17/03/2023 17/03/2023 BOOK